logo

Bir Sreshtho Munshi Abdur Rouf Library
Jhenaidah Cadet College

Wonders of the night sky / (Record no. 540)

MARC details
000 -LEADER
fixed length control field 00541nam a2200217 a 4500
001 - CONTROL NUMBER
JCCL Control Number 540
003 - CONTROL NUMBER IDENTIFIER
JCCL marc code BD-JhCC
005 - DATE AND TIME OF LATEST TRANSACTION
control field 20171012173750.0
008 - FIXED-LENGTH DATA ELEMENTS--GENERAL INFORMATION
fixed length control field 171007s1964 moxa|||| ||a| 000 0 eng d
035 ## - SYSTEM CONTROL NUMBER
system control number (BD-JhCC) 540
040 ## - CATALOGING SOURCE
Original cataloging agency BD-JhCC
Modifying agency BD-JhCC
041 ## - LANGUAGE CODE
Language code of Book eng
082 ## - DEWEY DECIMAL CLASSIFICATION NUMBER
Classification number 523.8
Author mark and Year ZIG 1964
100 ## - MAIN ENTRY--PERSONAL NAME
Personal name Zigel,F
245 ## - TITLE STATEMENT
Title Wonders of the night sky /
Statement of responsibility, etc F. Zigel
260 ## - PUBLICATION, DISTRIBUTION, ETC. (IMPRINT)
Place of publication, distribution, etc Moscow :
Name of publisher, distributor, etc Mir Publishers,
Date of publication, distribution, etc 1964
300 ## - PHYSICAL DESCRIPTION
Pagination 208 p.:
Dimensions 22 cm.
504 ## - BIBLIOGRAPHY, ETC. NOTE
Bibliography, etc Includes Bibliography
942 ## - ADDED ENTRY ELEMENTS (KOHA)
Source of classification or shelving scheme Dewey Decimal Classification
Koha item type Books
Holdings
Source of classification or shelving scheme Damaged status Not for loan Home library Current library Shelving location Date of accession Total Checkouts Full call number Barcode Date last seen Copy number Koha item type
Dewey Decimal Classification     JCC Rouf Library JCC Rouf Library General Stacks 10/07/2017   523.8 ZIG 1964 818 10/07/2017 C-1 Books

JCC Library | Contacts | JCC Home

Last Update on 23 September 2017
Copyright @ 2017-2020 JCC Rouf Library
Rouf Library, Jhenidah Cadet College (JCC), Bangladesh